[Event "Challenge"]
[Site "http://www.queenalice.com/game.php?id=22404"]
[Date "2005.8.2"]
[Round "-"]
[White "Lau29"]
[Black "Boeing"]
[Result "1-0"]
[WhiteElo "1500"]
[BlackElo "1724"]

1. e4 e5 2. Nf3 d6 3. h3 a6 4. Nc3 c6 5. Be2 b5 6. O-O c5 7. a4 b4 8. Nd5 Bb7 9.
Bc4 Nf6 10. Nxf6+ Qxf6 11. d3 h6 12. Nh2 Qg6 13. f4 f5 14. fxe5 dxe5 15. Rxf5
Kd8 16. Nf3 Nd7 17. Rxe5 Nxe5 18. Nxe5 Qh7 19. Qg4 Bc8 20. Nf7+ Ke8 21. Qh5 Ke7
22. Qxc5+ Kf6 23. Qb6+ Ke7 24. Qd8# 1-0

[Event "Challenge"]
[Site "http://www.queenalice.com/game.php?id=22446"]
[Date "2005.8.3"]
[Round "-"]
[White "Lau29"]
[Black "whitehope"]
[Result "1-0"]
[WhiteElo "1812"]
[BlackElo "984"]

1. e4 e5 2. Nf3 Nc6 3. Bb5 Bd6 4. O-O a6 5. Ba4 b5 6. Bb3 Nd4 7. Nxd4 exd4 8. e5
Bxe5 9. Re1 d6 10. f4 Qe7 11. fxe5 dxe5 12. Qf3 Rb8 13. d3 Be6 14. Rxe5 Nf6 15.
Bg5 h6 16. Bxf6 gxf6 17. Re2 O-O 18. Qf4 c5 19. Qxh6 Qd6 20. Nd2 Bxb3 21. Ne4
Qe7 22. Nxf6+ Qxf6 23. Qxf6 Bd5 24. Re5 Rbd8 25. Rg5+ 1-0

[Event "Challenge"]
[Site "http://www.queenalice.com/game.php?id=22599"]
[Date "2005.8.4"]
[Round "-"]
[White "REUSKING"]
[Black "Lau29"]
[Result "1/2-1/2"]
[WhiteElo "1749"]
[BlackElo "1812"]

1. e4 c5 2. Nf3 d6 3. d4 cxd4 4. Nxd4 Nf6 5. Nc3 g6 6. Be2 Bg7 7. Be3 O-O 8. O-O
Nc6 9. f3 Qa5 10. Qd2 Nh5 11. Rad1 Nxd4 12. Bxd4 Bxd4+ 13. Qxd4 Nf4 14. Bc4 Qg5
15. g3 Bh3 16. Rf2 Rfc8 17. Bf1 Bxf1 18. Kxf1 Ne6 19. Qd2 Qh5 20. Nd5 Re8 21.
Nf4 Nxf4 22. Qxf4 Qb5+ 23. Kg2 Qxb2 24. c4 Qc3 25. Rb1 b6 26. Rc1 Qa3 27. Rcc2
Rac8 28. e5 dxe5 29. Qxe5 Rc5 30. Qe4 e6 31. Rfd2 1/2-1/2

[Event "Let's Play Chess!"]
[Site "http://www.queenalice.com/game.php?id=26765"]
[Date "2005.9.1"]
[Round "-"]
[White "volmar"]
[Black "Lau29"]
[Result "0-1"]
[WhiteElo "1490"]
[BlackElo "1796"]

1. e4 c5 2. Qh5 d6 3. Bc4 e6 4. f4 Nc6 5. c3 Nf6 6. d3 Nxh5 7. Bb5 Qh4+ 8. g3
Nxg3 9. Nf3 Qh5 10. Bxc6+ bxc6 11. Rg1 Qxf3 12. Rxg3 Qh1+ 13. Kf2 Qxc1 14. Rg1
Qxb2+ 15. Nd2 Qxd2+ 16. Kg3 Qxd3+ 17. Kg4 Be7 18. Rg3 e5+ 19. f5 Qxe4+ 20. Kh3
Bxf5+ 0-1

[Event "Challenge"]
[Site "http://www.queenalice.com/game.php?id=28952"]
[Date "2005.9.16"]
[Round "-"]
[White "Lau29"]
[Black "arliones"]
[Result "1-0"]
[WhiteElo "1812"]
[BlackElo "1153"]

1. e4 e5 2. Nf3 Nc6 3. Bb5 Nf6 4. O-O Bc5 5. Nxe5 Nxe4 6. Qe2 d5 7. Nxc6 bxc6 8.
Bxc6+ Bd7 9. Bxa8 Qxa8 10. d3 Qb8 11. dxe4 O-O 12. exd5 Re8 13. Qd3 Bb5 14. c4
Ba6 15. Nd2 Re5 16. Nf3 Rh5 17. Qe4 h6 18. Re1 Kf8 19. Qh7 Qb6 20. Qh8# 1-0

[Event "Game 1Âº"]
[Site "http://www.queenalice.com/game.php?id=29069"]
[Date "2005.9.16"]
[Round "-"]
[White "alepitboe"]
[Black "Lau29"]
[Result "0-1"]
[WhiteElo "1354"]
[BlackElo "1897"]

1. e4 c5 2. a4 Nc6 3. c3 d5 4. f3 e5 5. Na3 dxe4 6. g3 exf3 7. Qxf3 Nf6 8. Bb5
e4 9. Qf4 Bd7 10. Bxc6 Bxc6 11. h4 Bd6 12. Qg5 h6 13. Qxg7 Rh7 14. Qxh7 Nxh7 15.
d4 Bxg3+ 16. Kd1 cxd4 17. Bxh6 dxc3+ 18. Kc2 Qd3+ 19. Kb3 c2+ 20. Ka2 Bd5+ 21.
b3 Qxb3# 0-1

[Event "AUTO-OPEN-146"]
[Site "http://www.queenalice.com/game.php?id=29600"]
[Date "2005.9.19"]
[Round "1"]
[White "Lau29"]
[Black "tewald"]
[Result "1-0"]
[WhiteElo "1812"]
[BlackElo "1634"]

1. d4 Nf6 2. c4 g6 3. Nc3 Bg7 4. e4 d6 5. Nf3 O-O 6. Be2 Nbd7 7. O-O c5 8. e5
dxe5 9. dxe5 Ng4 10. e6 fxe6 11. Ng5 Nde5 12. Bxg4 Nxg4 13. Qxg4 e5 14. Qh4 h6
15. Nge4 b6 16. Bxh6 Bxh6 17. Qxh6 Bf5 18. Ng5 Rf7 19. Nxf7 Kxf7 20. Qh7+ Ke6
21. Nd5 Rc8 22. g4 1-0

[Event "AUTO-OPEN-146"]
[Site "http://www.queenalice.com/game.php?id=29601"]
[Date "2005.9.19"]
[Round "1"]
[White "tewald"]
[Black "Lau29"]
[Result "0-1"]
[WhiteElo "1632"]
[BlackElo "1897"]

1. d4 Nf6 2. c4 g6 3. Nc3 Bg7 4. e4 d6 5. Be3 c5 6. dxc5 Qa5 7. Bd2 Qxc5 8. Nf3
Ng4 9. Qe2 O-O 10. h3 Nf6 11. O-O-O Bd7 12. Kb1 Rc8 13. g4 Kf8 14. Be3 Qa5 15.
Nd4 Ba4 16. Nxa4 Qxa4 17. b3 Qb4 18. Bg2 Nc6 19. Nxc6 bxc6 20. f4 Ne8 21. Bd4
Bxd4 22. Rxd4 a5 23. Rd3 a4 24. f5 Rcb8 25. Qd1 Qxc4 26. Rd4 Qc5 27. Qd3 axb3
28. Rc4 bxa2+ 29. Ka1 Qb5 30. Bf3 Qb2# 0-1

[Event "AUTO-OPEN-146"]
[Site "http://www.queenalice.com/game.php?id=29602"]
[Date "2005.9.19"]
[Round "1"]
[White "Lau29"]
[Black "ENDHER"]
[Result "1-0"]
[WhiteElo "1834"]
[BlackElo "1763"]

1. d4 d5 2. Bf4 Nf6 3. e3 Bf5 4. Bd3 Ne4 5. f3 Nd6 6. Bxd6 Qxd6 7. Bxf5 Qb4+ 8.
c3 Qxb2 9. Qb3 Qc1+ 10. Kf2 b6 11. Bd3 a5 12. a4 g6 13. Ra2 Bh6 14. Re2 O-O 15.
Re1 Bxe3+ 16. Rxe3 Nc6 17. Qxd5 Qb2+ 18. Re2 Qc1 19. Qxc6 Qg5 20. Re5 Qf4 21.
Qxc7 Rfe8 22. Bb5 Red8 23. Rxe7 Qxc7 24. Rxc7 Kg7 25. Na3 Rd5 26. Bc6 1-0

[Event "AUTO-OPEN-146"]
[Site "http://www.queenalice.com/game.php?id=29603"]
[Date "2005.9.19"]
[Round "1"]
[White "ENDHER"]
[Black "Lau29"]
[Result "0-1"]
[WhiteElo "1796"]
[BlackElo "1864"]

1. d4 d5 2. c4 c6 3. e3 Nf6 4. Nc3 e6 5. Bd3 dxc4 6. Bxc4 Be7 7. Nf3 Qb6 8. O-O
O-O 9. Re1 c5 10. d5 exd5 11. Bxd5 Nc6 12. e4 Be6 13. e5 Nxd5 14. a3 Rfd8 15.
Qc2 h6 16. Na4 Qb5 17. Be3 Bg4 18. Nxc5 Nxe3 19. Rxe3 Bxc5 20. Rb3 Qa4 21. h3
Bf5 22. Qc3 b6 23. Rc1 Be6 24. Rb4 Rd1+ 25. Rxd1 Qxd1+ 26. Qe1 Qxe1+ 27. Nxe1
Bxb4 0-1

[Event "Challenge"]
[Site "http://www.queenalice.com/game.php?id=31735"]
[Date "2005.10.5"]
[Round "-"]
[White "Lau29"]
[Black "MarcosT"]
[Result "1-0"]
[WhiteElo "1906"]
[BlackElo "1406"]

1. e4 e5 2. Nf3 Nc6 3. Bb5 a6 4. Ba4 b5 5. Bb3 Na5 6. O-O Nxb3 7. axb3 d6 8. d4
Bg4 9. dxe5 Bxf3 10. Qxf3 dxe5 11. Rd1 Bd6 12. Nc3 Ne7 13. Qg3 g6 14. Bg5 O-O
15. Nd5 Qb8 16. Nf6+ Kg7 17. Qh4 h5 18. Nxh5+ gxh5 19. Bf6+ Kg8 20. Qxh5 Ng6 21.
Qh6 1-0

[Event "Challenge"]
[Site "http://www.queenalice.com/game.php?id=36970"]
[Date "2005.11.8"]
[Round "-"]
[White "Lau29"]
[Black "albi"]
[Result "1-0"]
[WhiteElo "1906"]
[BlackElo "1749"]

1. e4 e5 2. Nf3 Nc6 3. Bb5 a6 4. Ba4 Nf6 5. O-O b5 6. Bb3 Bc5 7. Nxe5 Bxf2+ 8.
Rxf2 Nxe5 9. d4 Neg4 10. Rf4 d6 11. h3 Nh6 12. Qf3 Bb7 13. Nc3 b4 14. Rxf6 Qxf6
15. Qxf6 gxf6 16. Nd5 Bxd5 17. Bxd5 Rb8 18. Bxh6 Rg8 19. Rf1 Ke7 20. Rf5 Rb5 21.
Bc6 Rxf5 22. exf5 Rb8 23. Kf2 1-0

[Event "AUTO-OPEN-146"]
[Site "http://www.queenalice.com/game.php?id=85554"]
[Date "2006.7.13"]
[Round "2"]
[White "miseriapopular"]
[Black "Lau29"]
[Result "0-1"]
[WhiteElo "1611"]
[BlackElo "1926"]

1. e4 c5 2. Nc3 Nc6 3. d3 Nf6 4. Bg5 d6 5. Bxf6 gxf6 6. Be2 Rg8 7. g3 Qa5 8. Nf3
Bg7 9. O-O f5 10. Qe1 fxe4 11. Ng5 Bxc3 12. Qxc3 Qxc3 13. bxc3 exd3 14. Bxd3
Rxg5 0-1

[Event "AUTO-OPEN-146"]
[Site "http://www.queenalice.com/game.php?id=85555"]
[Date "2006.7.13"]
[Round "2"]
[White "Lau29"]
[Black "miseriapopular"]
[Result "1-0"]
[WhiteElo "1921"]
[BlackElo "1611"]

1. e4 e5 2. Nf3 Nc6 3. Bb5 Nd4 4. Nxd4 exd4 5. O-O Bc5 6. Qg4 Qf6 7. d3 c6 8.
Qh5 b6 9. Bg5 Qg6 10. Qxg6 hxg6 11. Ba4 b5 12. Bb3 Bd6 13. e5 Bc7 14. Bf4 1-0

[Event "AUTO-OPEN-146"]
[Site "http://www.queenalice.com/game.php?id=85558"]
[Date "2006.7.13"]
[Round "2"]
[White "csparrow"]
[Black "Lau29"]
[Result "1-0"]
[WhiteElo "2352"]
[BlackElo "1930"]

1. Nf3 d5 2. d4 e6 3. c4 Nf6 4. Bg5 dxc4 5. Nc3 c6 6. e4 b5 7. e5 h6 8. Bh4 g5
9. Nxg5 hxg5 10. Bxg5 Bg7 11. a4 Qb6 12. exf6 Bf8 13. Be3 Bb4 14. Be2 Qc7 15.
axb5 cxb5 16. d5 a5 17. h3 Qe5 18. Bd4 Qg5 19. Bg4 e5 20. Bxc8 Qxg2 21. Ke2 exd4
22. Qxd4 Qg6 23. Rhg1 Qc2+ 24. Kf1 Bxc3 25. bxc3 Qd3+ 26. Qxd3 cxd3 27. Bf5 Nd7
28. Re1+ Kd8 29. Re7 Nc5 30. d6 b4 31. Rc7 Na4 32. Rxf7 d2 33. Ke2 1-0

[Event "AUTO-OPEN-146"]
[Site "http://www.queenalice.com/game.php?id=85559"]
[Date "2006.7.13"]
[Round "2"]
[White "Lau29"]
[Black "csparrow"]
[Result "0-1"]
[WhiteElo "1930"]
[BlackElo "2357"]

1. e4 c5 2. Nf3 d6 3. d4 cxd4 4. Nxd4 Nf6 5. Nc3 a6 6. Be2 e5 7. Nf3 Be7 8. O-O
O-O 9. Qd3 Nbd7 10. Rd1 Nc5 11. Qe3 Bd7 12. a4 Ng4 13. Qd2 Bc6 14. Ng5 Nf6 15.
f3 h6 16. Nh3 Rc8 17. a5 Bd7 18. Nf2 Ne6 19. Bd3 Rc5 20. Ne2 Nh5 21. Qb4 Rc7 22.
Qb6 Nc5 23. Nc3 Be6 24. Bf1 Nd7 25. Qe3 Rc5 26. b4 Rc6 27. Bb2 Qc7 28. b5 axb5
29. Bxb5 Rc5 30. Bxd7 Bg5 31. Qe1 Qxd7 32. Nd3 Rcc8 33. Nxe5 Qc7 34. Nd3 Qc4 35.
Qf2 Rfd8 36. Ra4 Qc7 37. a6 bxa6 38. Rxa6 Nf4 0-1

[Event "Let's Play Chess!"]
[Site "http://www.queenalice.com/game.php?id=1434523"]
[Date "2016.8.4"]
[Round "-"]
[White "smcneil"]
[Black "Lau29"]
[Result "1-0"]
[WhiteElo "1900"]
[BlackElo "1930"]

1. e4 c5 2. Bc4 Nc6 3. Nf3 e6 4. O-O Nf6 5. d3 d5 6. exd5 exd5 7. Bb5 Be7 8. Ne5
Qc7 9. Bf4 Bd6 10. Nxc6 bxc6 11. Bxd6 Qxd6 12. Re1+ Be6 13. Ba4 O-O 14. h3 Rab8
15. b3 Rfe8 16. Nd2 Nd7 17. Nf3 Nb6 18. c4 1-0